Ada apa di serambi Mekah

Bibliographic Details
Main Author: Alias Haji Muhammad Noor (Author)
Format: Book
Published: Kota Bahru : Pustaka Aman Press , 1991
Subjects:

MARC

LEADER 00000cam a2200000 7i4500
001 0000030770
005 20070808093000.0
008 021119n
090 0 0 |a DS598.K3   |b A2 
245 0 0 |a Ada apa di serambi Mekah   |c disusun oleh Alias Haji Muhammad Noor 
260 2 |a Kota Bahru :   |b Pustaka Aman Press ,   |c 1991 
300 |a 107 ms. ; ;   |c 19 sm. 
651 0 |a Kelantan   |x Politics and government 
700 0 |a Alias Haji Muhammad Noor ,   |e author 
999 |a 1000057300   |b Book   |c OPEN SHELF (30 DAYS)   |e Gong Badak Campus